00563nam a2200181Ia 4500008004100000020001600041050000900057050001600066100001600082245010700098260003200205300005300237650001700290650002200307650002200329650001600351650001400367160114s9999 xx 000 0 und d a0-140374248 aFic  b.D131j 1961 aDahl, Roald aJames and the giant peach :b a children's story /c Roald Dahl ; illustrated by Nancy Ekholm Burkert. aUSA :bPenguin Groupc1961 a126 pages;billustrations (some color) ;c 26 cm aFairy tales. aJuvenile fiction. aJuvenile fiction. xInsects --  xPeach --